Organizational behavior (Record no. 10560)
[ view plain ]
| 000 -LEADER | |
|---|---|
| fixed length control field | 00520 a2200181 4500 |
| 020 ## - INTERNATIONAL STANDARD BOOK NUMBER | |
| International Standard Book Number | 9788131760932 |
| 020 ## - INTERNATIONAL STANDARD BOOK NUMBER | |
| International Standard Book Number | 0136124011 |
| 040 ## - CATALOGING SOURCE | |
| Original cataloging agency | DLC |
| Language of cataloging | DLC |
| 082 00 - DEWEY DECIMAL CLASSIFICATION NUMBER | |
| Classification number | 658.3 |
| 100 1# - MAIN ENTRY--PERSONAL NAME | |
| Personal name | Robbins, Stephen P., |
| 245 10 - TITLE STATEMENT | |
| Title | Organizational behavior |
| Statement of responsibility, etc. | Stephen P. Robbins, Timothy A. Judge. |
| 250 ## - EDITION STATEMENT | |
| Edition statement | 14th ed. |
| 260 ## - PUBLICATION, DISTRIBUTION, ETC. | |
| Place of publication, distribution, etc. | Upper Saddle River, N.J. : |
| Name of publisher, distributor, etc. | Prentice Hall, |
| Date of publication, distribution, etc. | c2011. |
| 300 ## - PHYSICAL DESCRIPTION | |
| Extent | xxxv, 686 p. : |
| Other physical details | col. ill. ; |
| Dimensions | 29 cm. |
| 650 #0 - SUBJECT ADDED ENTRY--TOPICAL TERM | |
| Topical term or geographic name entry element | Organizational behavior |
| 700 1# - ADDED ENTRY--PERSONAL NAME | |
| Personal name | Judge, Tim. |
| 942 ## - ADDED ENTRY ELEMENTS (KOHA) | |
| Koha item type | Book |
| Call number prefix | 658.3 ROB |
| Source of classification or shelving scheme | |
| Withdrawn status | Lost status | Damaged status | Not for loan | Collection code | Permanent Location | Current Location | Shelving location | Date acquired | Source of acquisition | Cost, normal purchase price | Total Checkouts | Total Renewals | Full call number | Barcode | Date last seen | Date last checked out | Price effective from | Koha item type |
|---|---|---|---|---|---|---|---|---|---|---|---|---|---|---|---|---|---|---|
| Central Library (CL) | Central Library (CL) | General Stacks | 10/10/2011 | Multi-Line Books | 981.80 | 4 | 3 | 658.3 ROB | SEECS010638 | 02/02/2023 | 09/27/2022 | 01/05/2017 | Book | |||||
| Central Library (CL) | Central Library (CL) | General Stacks | 10/10/2011 | Multi-Line Books | 981.80 | 4 | 658.3 ROB | SEECS010639 | 11/10/2022 | 10/22/2022 | 01/05/2017 | Book | ||||||
| Central Library (CL) | Central Library (CL) | General Stacks | 10/10/2011 | Multi-Line Books | 981.80 | 4 | 658.3 ROB | SEECS010640 | 09/28/2022 | 09/27/2022 | 01/05/2017 | Book | ||||||
| Central Library (CL) | Central Library (CL) | General Stacks | 10/10/2011 | Multi-Line Books | 981.80 | 3 | 1 | 658.3 ROB | SEECS010641 | 02/01/2023 | 09/27/2022 | 01/05/2017 | Book | |||||
| Central Library (CL) | Central Library (CL) | General Stacks | 10/10/2011 | Multi-Line Books | 981.80 | 4 | 658.3 ROB | SEECS010642 | 01/06/2023 | 09/20/2022 | 01/05/2017 | Book |
